01349nab a2200253 4500003001000000005001700010008004100027040001400068041000800082100007500090245007000165260003500235300001300270500046900283650002200752650001900774650002300793650002100816700006700837773010000904942005801004945001601062999001701078AR-RoBPED20260408115925.0260408b |||||||| |||| 00| 0 spa d aAR-RoBPED aspa1 aCarnevale, Gabriela927510eLicenciada y profesora en Psicopedagogía1 a¿Qué aprenden en la escuela secundaria los adolescentes hoy? / aBuenos Aires :bNoveduc,c2025 a54-58 p. aLas autoras analizan las apreciaciones sobre los aprendizajes escolares que manifiestan estudiantes que transitan los últimos años de la educación secundaria en la provincia de Río Negro. Las palabras de los adolescentes se encuentran organizadas en tres ejes alrededor de lo que dicen sobre: la escuela, los transmisores (profesores) y el objeto de transmisión (saberes, maneras, usos), articulando así con las nociones de transmisión y aprendizaje. 7aNIVEL MEDIO93552 7aESCUELA920136 7aADOLESCENTES92906 7aAPRENDIZAJE95601 aO' toole, María Camila930731eProfesora en Psicopedagogía0 020414941867dBuenos Aires : Noveduc, 1993-tNovedades Educativasw(AR-RoBPED)20414x03283534 2udccREVh37(05)mNov 86 N° 400 (Febr.2025)ak.32528 amar 04/2026 c32528d32528